000 00510nam a2200145 4500
999 _c14625
_d14625
008 191019b ||||| |||| 00| 0 eng d
022 _a03080587
082 _aDPer 420.5 M72 Apr-Oct 2011 v. 20, n. 2-4
100 _940457
_aSojak, Aleksandra Szudy.
245 _aCognitive linguistics in EFL classrooms/
_cAleksandra Szudy Sojak.
260 _aChichester, West Sussex:
_bPavilion Publishing,
_c©2011.
300 _av20, n2 pages 69-73:
_c30 cm.
650 _aLinguistics
_xCognitive.
_940631
942 _2ddc
_cPER